000 00271nam a22001217a 4500
008 170505b xxu||||| |||| 00| 0 eng d
041 _aeng
080 _a34
100 _a14
101 _aSHJ
245 _aCONSTITUTION AND AMERICAN LIFE
_cTHELEN.D
942 _2udc
_cBK
999 _c12813
_d12813